00446nam a22001457a 450000500170000000800410001702000150005804100130007308200110008610000130009724500900011026000500020030000250025065000250027520231123113432.0231123b |||||||| |||| 00| 0 eng d a9991622187 aEnglish  a341.48 lEnglish  aNamibia : A Summary of selected human rights cases from Independence to the year 2000 aWindhoek : bOut of Africa Publishers, c2000 b38 pages ; c22 cm.  aLegal practice bLaw